Искусство любви по книге Эриха Фромма; Актуальные проблемы гуманитарных наук

Sonraí bibleagrafaíochta
Parent link:Актуальные проблемы гуманитарных наук.— 2010.— С. 478-480
Príomhchruthaitheoir: Рюмина Е. М.
Teanga:Rúisis
Foilsithe / Cruthaithe: 2010
Ábhair:
Formáid: MixedMaterials Caibidil leabhair
KOHA link:https://koha.lib.tpu.ru/cgi-bin/koha/opac-detail.pl?biblionumber=193878

MARC

LEADER 00000naa2a2200000 4500
001 193878
005 20231031182102.0
035 |a (RuTPU)RU\TPU\book\211429 
090 |a 193878 
100 |a 20110330d2010 k y0rusy50 ca 
101 0 |a rus 
102 |a RU 
200 1 |a Искусство любви по книге Эриха Фромма  |f Е. М. Рюмина 
320 |a Библиогр.: 1 назв. 
463 0 |0 (RuTPU)RU\TPU\book\205127  |y 978-5-98298-643-6  |t Актуальные проблемы гуманитарных наук  |o сборник трудов IX Международной научно-практической конференции студентов, аспирантов и молодых ученых, 22-23 апреля 2010 г., Томск  |f Национальный исследовательский Томский политехнический университет (ТПУ)  |v С. 478-480  |d 2010  |p 564 с. 
600 1 |a Фромм  |g Эрих  |b Э.  |c немецко-американский философ  |c психолог  |c социолог  |f 1900-1980  |2 stltpush  |3 (RuTPU)RU\TPU\pers\515 
610 1 |a любовь 
610 1 |a чувства 
610 1 |a труды учёных ТПУ 
700 1 |a Рюмина  |b Е. М. 
801 1 |a RU  |b 63413507  |c 20110330 
942 |c BK